000 00982nam a2200253Ia 4500
003 GCL
008 140319s9999 xx 000 0 ara d
040 _aGCL /
_cGCL
082 0 4 _a370.15
_bم ا
100 1 _aمصطفى حجازى
245 1 0 _aالاحداث الجانحون :
_bتاهيل الطفولة غير المتكيفة دراسة نظرية .ميدانية. نفس اجتماعية /
_cمصطفى حجازى
260 _aبيروت :
_bدار الفكر اللبنانى ،
_c1995
300 _a360 ص ؛
_c24 سم
490 _aمكتبة الطفل النفسية والتربوية
_v0
650 0 4 _aالمدارس الابتدائية
650 0 4 _aالاطفال
650 0 4 _aعلم النفس
650 0 4 _aعلم النفس التربوى
650 0 4 _aالمدارس
650 0 4 _aالتعليم الابتدائى
650 0 4 _aالثواب والعقاب فى التعليم
650 0 4 _aعلم النفس الاطفال
942 _2ddc
_cBK
999 _c37304
_d37304